00765cam a22002294a 450000100090000000300060000900500170001500800410003201000170007302000150009004000180010504200080012305000240013108200210015510000250017624501020020126000510030330000290035444000340038350400660041763000520048312418451GBCCL20241126110654.0010523s2001 miua b 001 0 eng  a 2001035974 a0801022452 aDLCcDLCdDLC apcc00aBS1430.2b.B85 200100a223.206221bBUL1 aBullock, C. Hassell.10aEncountering the book of Psalms :ba literary and theological introduction /cC. Hassell Bullock. aGrand Rapids, Mich. :bBaker Academic,cc2001. a266 p. :bill. ;c25 cm. 0aEncountering biblical studies aIncludes bibliographical references (p. 239-248) and indexes.00aBible.pPsalmsxCriticism, interpretation, etc.